000 00683nam a2200217 c 4500
001 190459
003 ES-MaACL
005 20240129115704.0
008 210330s2018 sp 001 p spa
020 _a978-84-17003-86-9
080 _a821.134.2-14"19"
100 1 _aCevallos, Eliana.
_9171163
245 1 3 _aEl último rincón del alma /
_cEliana Cevallos Rojas.
264 1 _a[Valencia] :
_bOlélibros,
_c[2018]
300 _a77 p. ;
_c21 cm.
490 1 _aImaginal
830 1 _aImaginal
_9193498
852 4 _aES-MaACL
_jA-14660
_9197636
_bR.152265
_cDEPO1
_dOlim: N-7660
_hDonación: Editorial
942 _2udc
_cMONOGRAFIA
999 _c190459
_d190459